| 000 | 00740nam a22002177a 4500 | ||
|---|---|---|---|
| 999 |
_c9436 _d9436 |
||
| 003 | AR-CdUCM | ||
| 008 | 190328b ||||| |||| 00| 0 spa d | ||
| 040 |
_aMUNICIPALIDAD PROVINCIAL DEL CUSCO _cBIBLIOTECA MUNICIPAL DEL CUSCO |
||
| 082 |
_22ed. _a635 / _bP42 |
||
| 100 |
_aPeña. Rogelio _925620 |
||
| 245 | _aHorticultura y Fruticultura / | ||
| 260 |
_aMexico : _bContinental, _c1958. |
||
| 300 |
_a395 paginas ; _bilustraciones, graficos, dibujos, _c19 cm. |
||
| 505 | _aContenido: Generalidades -- Hotalizas -- Arboles frutales -- Los enemigos del huerto y del vergel | ||
| 650 |
_aHorticultura _919445 |
||
| 650 |
_aFruticultura _920215 |
||
| 650 |
_aPerú _935 |
||
| 650 |
_aAgricultura _9320 |
||
| 942 |
_2ddc _cLIBROS |
||
| 945 | _apjha | ||